000 00840cab a2200241 4500
001 ABS57816
008 090401t1997 xxu||||| |||| 00| 0 eng d
035 _a(Sirsi) u81879
041 _aeng
100 _aLewison, K.
245 4 _aThe value of deciding who is to blame
260 _c1997
350 _a0
490 _aProperty Week
_v61(4) 24 October 1997, 27(1)
520 _aConsiders apportionment of liability in "Theodore Goddard v Fletcher King Services" where the deletion of an upwards-only clause was not noticed by either the solicitors or the surveying firm.
650 _aLIABILITY
650 _aNEGLIGENCE
650 _aTHEODORE GODDARD V FLETCHER KING SERVICES LTD
650 _aUPWARD ONLY RENT REVIEWS
690 _aMANAGEMENT-BUSINESS MANAGEMENT-PROFESSIONAL PRACTICE
942 _n0
948 _c04/11/1997
999 _c51630
_d51630